A Study on the barriers and implementation of PRPs and HACCP food safety system at Big Tree Beverages limited plants (Record no. 84055)

MARC details
000 -LEADER
fixed length control field 00886 a2200253 4500
003 - CONTROL NUMBER IDENTIFIER
control field CBULib
005 - DATE AND TIME OF LATEST TRANSACTION
control field 20240119091133.0
008 - FIXED-LENGTH DATA ELEMENTS--GENERAL INFORMATION
fixed length control field 240116b |||||||| |||| 00| 0 eng d
040 ## - CATALOGING SOURCE
Transcribing agency CBULib
Language of cataloging English
Description conventions rda
041 ## - LANGUAGE CODE
Language code of text/sound track or separate title eng
050 ## - LIBRARY OF CONGRESS CALL NUMBER
Classification number CBU-PG THESIS/CHI
100 ## - MAIN ENTRY--PERSONAL NAME
Personal name Chilukwa, Vincent
9 (RLIN) 1645
245 ## - TITLE STATEMENT
Title A Study on the barriers and implementation of PRPs and HACCP food safety system at Big Tree Beverages limited plants
Statement of responsibility, etc / by Vincent Chilukwa
260 ## - PUBLICATION, DISTRIBUTION, ETC. (IMPRINT)
Name of publisher, distributor, etc Copperbelt University,
Date of publication, distribution, etc 2022
Place of publication, distribution, etc Kitwe :
300 ## - PHYSICAL DESCRIPTION
Extent xiii, 76 pages : illustrations
336 ## - CONTENT TYPE
Source rdacontent
Content type term Text |
Content type code txt
337 ## - MEDIA TYPE
Source rdamedia
Media type term Unmediated |
Media type code n
338 ## - CARRIER TYPE
Source rdacarrier
Carrier type term Volume
Carrier type code nc
500 ## - GENERAL NOTE
General note Includes bibliographical references and appendices
650 #0 - SUBJECT ADDED ENTRY--TOPICAL TERM
9 (RLIN) 1826
Topical term or geographic name as entry element FOOD SAFETY SYSTEM
650 #0 - SUBJECT ADDED ENTRY--TOPICAL TERM
9 (RLIN) 1827
Topical term or geographic name as entry element PRPs AND HACCP FOOD SAFETY SYSTEM
650 #0 - SUBJECT ADDED ENTRY--TOPICAL TERM
Topical term or geographic name as entry element BEVERAGES
9 (RLIN) 1829
942 ## - ADDED ENTRY ELEMENTS (KOHA)
Source of classification or shelving scheme
Koha item type UNIVERSITY COLLECTION
Holdings
Withdrawn status Lost status Source of classification or shelving scheme Damaged status Not for loan Collection code Permanent Location Current Location Shelving location Date acquired Source of acquisition Total Checkouts Full call number Barcode Date last seen Copy number Price effective from Koha item type
          Special Collections CBU-MAIN LIBRARY, KITWE. CBU-MAIN LIBRARY, KITWE. Special Collections 01/19/2024 DEP-CBU   CBU-PG THESIS/CHI B84055 01/19/2024 1 01/19/2024 UNIVERSITY COLLECTION